The complete idiot's guide to getting the job you want / (Record no. 127940)

MARC details
000 -LEADER
fixed length control field 00706nam a22002297a 4500
005 - DATE AND TIME OF LATEST TRANSACTION
control field 20170124110032.0
010 ## - LIBRARY OF CONGRESS CONTROL NUMBER
LC control number A-999274
020 ## - INTERNATIONAL STANDARD BOOK NUMBER
Terms of availability 150.00
International Standard Book Number 8120315073
035 ## - SYSTEM CONTROL NUMBER
System control number A-999274
037 ## - SOURCE OF ACQUISITION
Source of stock number/acquisition Cen Lib/Ret
040 ## - CATALOGING SOURCE
Original cataloging agency DPL
Language of cataloging EN
082 ## - DEWEY DECIMAL CLASSIFICATION NUMBER
Classification number 371.4
Item number DOR
100 ## - MAIN ENTRY--PERSONAL NAME
Personal name Dorio, Marc
9 (RLIN) 21971
245 ## - TITLE STATEMENT
Title The complete idiot's guide to getting the job you want /
Statement of responsibility, etc by Marc Dorio
260 ## - PUBLICATION, DISTRIBUTION, ETC. (IMPRINT)
Place of publication, distribution, etc New Delhi
Name of publisher, distributor, etc Prentice Hall of India
Date of publication, distribution, etc 1998
270 ## - ADDRESS
Address M-97, connaught circus
City New Delhi
Postal code 110001
300 ## - PHYSICAL DESCRIPTION
Extent xxi, 346p. ;
Dimensions 21cm(Hb)
Other physical details ill.
500 ## - GENERAL NOTE
General note includes index
650 ## - SUBJECT ADDED ENTRY--TOPICAL TERM
Topical term or geographic name as entry element Job opportunity
Form subdivision Guide
9 (RLIN) 21972
650 ## - SUBJECT ADDED ENTRY--TOPICAL TERM
Topical term or geographic name as entry element Career
9 (RLIN) 21973
942 ## - ADDED ENTRY ELEMENTS (KOHA)
Source of classification or shelving scheme Dewey Decimal Classification
Koha item type English Books
Classification part 371.4
Call number suffix DOR
Holdings
Withdrawn status Lost status Damaged status Not for loan Home library Current library Date acquired Source of acquisition Cost, normal purchase price Total Checkouts Full call number Barcode Date last seen Copy number Cost, replacement price Price effective from Koha item type
        Central Library Central Library 01/07/2015 Cen Lib/Ret 150.00   371.4 DOR A-999274 01/07/2015 1 150.00 01/07/2015 English Books

© Delhi Public Library
Hit Counter
free hit counter